[Event "Sevan Lake"]
[Site "Martuni"]
[Date "2011.07.24"]
[Round "3"]
[White "Pashikian, Arman"]
[Black "Jobava, Baadur"]
[Result "1-0"]
[WhiteElo "2616"]
[BlackElo "2713"]
[Annotator "Ashot Nadanian"]
[PlyCount "57"]
[EventDate "2011.07.24"]
[Source "Ashot Nadanian"]
[SourceDate "2011.07.22"]

1. d4 d6 2. Nf3 Nf6 3. c4 g6 4. Nc3 Bg7 5. e4 O-O 6. h3 {A modest continuation,
but not without poison.} Na6 (6... e5) (6... c5 {are more popular moves.}) 7.
Bg5 Qe8 8. g4 c5 {I think the moves 7...Qe8 and 8...c5 are poorly coordinated,
and would prefer 8...e5.} (8... e5) 9. Be2 $5 {An interesting novelty. Instead
of the usual 9.Bg2 White places his bishop on e2. From there he is not only
keeps eyes on the c4-pawn, but also supports future pawn storm on the kingside.
} (9. Bg2) (9. d5) 9... cxd4 10. Nxd4 Nc5 11. f3 Bd7 $6 ({A waste of time.
Black should have played} 11... Ne6 12. Be3 Nxd4 13. Bxd4 Be6) 12. Qd2 {Now we
have a Dragon-like position, and White looks much healthier. The "extra" c2-c4
move is probably on their favour; Black's queen is misplaced and his knight is
on c5 instead of c6, which means that Black is not fighting for the central
point d4.} Qb8 $6 ({A strange move. It would be understandable if Black
intended to play b5, but with fourfold control of this square by White's
pieces it is just unimaginable in the near future. If we try to justify 12...
Qb8 from a different angle - allegedly Black wanted to unblock his f8-rook -
then again we face inconsistencies, because by unlocking the kingside rook,
Black locks in his queenside counterpart. Black should have prefered} 12... Rc8
13. h4 Ne6 14. Be3 Nxd4 15. Bxd4 Be6) 13. h4 Rc8 $6 ({This is too much.
Black's position was already calling for emergency measures, and maybe the
best he could do was} 13... d5 $5 {After} 14. exd5 Qg3+ 15. Kd1 (15. Kf1 $2
Nxg4 $1 16. fxg4 f5 $1) 15... e5 $1 16. Nb3 Nxb3 17. axb3 e4 $1 18. Kc2 exf3
19. Rhg1 Qd6 20. Bxf3 b5 $1 {Black could mess up the position.}) 14. h5 Ne6 15.
Be3 $1 {Now White develops the final rapid attack, and Black is totally
defenseless.} Nxd4 16. Bxd4 Be6 17. hxg6 hxg6 18. g5 Nh5 19. f4 Ng3 20. Bxg7
Kxg7 (20... Nxh1 {is not helpful} 21. Qd4 Ng3 22. Bh6 f6 23. Nd5 Kf7 24. f5)
21. Qd4+ f6 22. gxf6+ exf6 23. Rg1 Nxe2 24. Kxe2 Rxc4 (24... Qc7 25. b3) 25.
Rxg6+ $3 Kxg6 26. f5+ Kg7 27. Rg1+ Kf8 28. Qxf6+ Bf7 29. Rh1 1-0